Statistics for New York State Quiz

Click here to take the quiz!

General Stats

  • This quiz has been taken 117 times
  • The average score is 7 of 13

Answer Stats

HintAnswer% Correct
Second largest cityBuffalo
92%
Third largest cityRochester
84%
Above is on what lake?Lake Erie
80%
Fifth largest citySyracuse
76%
City that hosted the winter olympicsLake Placid
66%
Above is in what mountain rangeAdirondack Mountains
59%
Fourth largest cityYonkers
53%
The Source of the Delaware is in what mountainsCatskill Mountains
42%
Largest finger lakeSeneca Lake
28%
Highest PointMt. Marcy
26%
Longest tributary of the Hudson RiverMohawk River
20%
Above is on what river?Genesee River
18%
Above is southwest of what lake?Lake Oneida
18%

Score Distribution

Percentile by Number Answered

Percent of People with Each Score

Your Score History

You have not taken this quiz